000 01038cam a2200253 4500
001 ABS62265
008 000000n2000 000 0 eng u
035 _a(Sirsi) u105856
100 _aWong, K.C.
245 _aValuing the refurbishment cycle
260 _c2000
490 _aProperty Management
_v18(1) 16-24(9)
520 _aDescribes, using discounted cash flow techniques, a simple method of assessing the value of a property under varying costs of refurbishment, occupancy costs as well as rates of rental depreciation. The method takes life cycle costing into valuation. A consequence of the method is to allow identification of desirable duration of leases between refurbishments. References.
590 _aABS
600 _aINVESTMENT PROPERTY
650 _aPROPERTY-COMMERCIAL PROPERTY
650 _aRefurbishment
_96264
650 _aVALUATION APPROACH
650 _aVALUE
650 _aDEPRECIATION
650 _aSENSITIVITY ANALYSIS
690 _aVALUATION AND INVESTMENT APPRAISAL-COMMERCIAL
942 _n0
999 _c63391
_d63391